zpět

Detail výsledku týmu

Na Dobrým místě, Úvaly

Datum a čas kvízu

40 Celkem bodů Celkový počet nahraných bodů na tomto kvízu bez doplňovacích otázek.
2. Pořadí na kvízu Konečné umístění týmu na tomto kvízu.

Zaznamenané odpovědi

# Otázka Odpověď Body Výsledky
1. Jeden z nejznámějších českých... 1
2. Sopka Sinabung s nadmořskou vý... 1
3. České herní studio Warhorse pr... 1
4. Která společnost hodlá v nejbl... 0
5. Napište výsledek sobotního utk... 0
6. Jistě se mezi Vámi najde mnoho... 1
7. Vodák, který jede na lodi vzad... 1
8. Silný provaz, který se dá využ... 1
9. Část řeky, kde voda teče velmi... 1
10. Kanoistům se mezi vrcholovými... 1